Creatividad aplicada a la empresa

Bibliographic Details
Main Author: Renart Cava, Juan B.
Format: Section = Libro
Language:Undetermined
Spanish
Published: España Gestión 2000 2003
Subjects:
LEADER 00522nam a2200205Ia 4500
008 240830s9999 xx 000 0 und d
020 |a 84-8088-935-7 
040 |a B-ESTELÍ- RUACS / 658.4 R394 
041 |a spa 
082 |a 658.4 R394 
100 1 |a Renart Cava, Juan B. 
245 1 0 |a Creatividad aplicada a la empresa 
260 |a España  |b Gestión 2000  |c 2003 
300 |a 250 p. 
650 7 |a ACTITUD CREATIVA 
650 7 |b  CREATIVIDAD 
650 7 |c  ADMINISTRACION 
942 |c BK  |2 ddc 
991 |a TEXTO 
999 |c 11466